| 000 | 00488nam a2200193Ia 4500 | ||
|---|---|---|---|
| 008 | 170918s9999 xx 000 0 und d | ||
| 020 | _a9780545908658 | ||
| 050 | _bF852ab 2014 | ||
| 100 | _aFrederick, Heather Vogel | ||
| 245 | _aAbsolutely truly : | ||
| 245 | _ba pumpkin falls mystery / | ||
| 245 | _cby Heather Vogel Frederick. | ||
| 260 | _aNew York : | ||
| 260 | _bScholastic, | ||
| 260 | _c2014 | ||
| 300 | _a355 pages : | ||
| 300 | _billustrations ; | ||
| 300 | _c19cm. | ||
| 999 |
_c344333 _d344333 |
||